The Court of Appeal Criminal Appeal No. 52/97 Muyambi Edison Vs Uganda. (Record no. 3057)

MARC details
000 -LEADER
fixed length control field 00409nam a22001097a 4500
008 - FIXED-LENGTH DATA ELEMENTS--GENERAL INFORMATION
fixed length control field 110615t xxu||||| |||| 00| 0 eng d
010 ## - LIBRARY OF CONGRESS CONTROL NUMBER
LC control number CACAF41
245 ## - TITLE STATEMENT
Title The Court of Appeal Criminal Appeal No. 52/97 Muyambi Edison Vs Uganda.
260 ## - PUBLICATION, DISTRIBUTION, ETC. (IMPRINT)
Date of publication, distribution, etc 1997
500 ## - GENERAL NOTE
General note Dated at Kampala this 24th .. day . of June .. 1998.
Holdings
Withdrawn status Lost status Source of classification or shelving scheme Damaged status Koha normalized classification for sorting Not for loan Location (home branch) Sublocation or collection (holding branch) Shelving location Date acquired Koha issues (times borrowed) Koha reserves (requests) Koha full call number Koha date last seen Price effective from Koha item type
    Dewey Decimal Classification   5219971   Law Development Centre Main Library Law Development Centre Main Library Law Reports 06/15/2011     52/1997/1 06/15/2011 06/15/2011 Un Reported Cases